000 00657nam a2200229 a 4500
001 000001405
005 20200929145553.0
008 780204s1970 sp 000 f spa d
040 _aDO-SdBNP
_bspa
_cBNPHU
082 _a863.64
_bG216r, 1970
100 1 _aGarcía Pavón, Francisco,
_d1919-1989
_94703
245 1 3 _aEl reinado de Witiza /
_cF. García Pavón.
250 _a3a ed.
260 _aBarcelona :
_bDestino,
_c1970.
300 _a259 p. ;
_c19 cm.
490 1 _aÁncora y delfín
_v311
650 4 _aNovela española
_91123
650 4 _aLiteratura española
_9632
830 0 _aÁncora y delfín ;
_v311
_94704
910 _aWM
049 _aBNGR
999 _c1326
_d1326